| 000 | 01152nam0a22002651 4500 | ||
|---|---|---|---|
| 001 | rc\50266 | ||
| 005 | 20021216125207.2 | ||
| 010 |
_a5-86327-081-0 _9150 |
||
| 035 | _a(NLR Aleph) 005329213 | ||
| 090 |
_a6572971 _c6572971 |
||
| 100 | _a20021216d1996 u |0rusy50 ca | ||
| 101 | 0 | _arus | |
| 102 | _aRU | ||
| 105 | _ay ||||||||| | ||
| 200 | 1 |
_aНОРМАТИВНЫЕ основы для ведения лесного хозяйства на севере Хабаровского края (концептуальный аспект) _fФедер. служба лесн. хоз-ва России. Дальневост. НИИ лесн. хоз-ва _g[Науч. ред. к. с.-х. наук В.С. Грек] |
|
| 210 |
_aХабаровск _cЭтнос-ДВ _d1996 (вып. дан. 1997) |
||
| 215 |
_a67 с. _d20 |
||
| 320 | _aБиблиогр.: с. 26-29 | ||
| 702 | 1 |
_aГрек _bВ. С. _gВиктор Степанович _4340 |
|
| 712 | 0 | 2 |
_aДальневосточный НИИ лесного хозяйства _cХабаровск |
| 801 | 0 |
_aRU _bNLR _gpsbo |
|
| 801 | 1 |
_aRU _bELAR _2rusmarc |
|
| 852 |
_aNLR _j97-6/1284 |
||
| 942 | _cBOOK | ||
| 980 | _aNB | ||